Atlas international Larousse politique et economique
Wedi'i Gadw mewn:
| Fformat: | Llyfr |
|---|---|
| Iaith: | Ffrangeg |
| Cyhoeddwyd: |
París
Larousse
1950
|
| Pynciau: | |
| Tagiau: |
Ychwanegu Tag
Dim Tagiau, Byddwch y cyntaf i dagio'r cofnod hwn!
|
MARC
| LEADER | 00000nam a2200000 a 4500 | ||
|---|---|---|---|
| 001 | UCV9861 | ||
| 003 | CL-VaPUC | ||
| 008 | 930621e19500000FR |||||||||||||||||fre|d | ||
| 082 | 0 | 4 | |a 912 |b ATL |2 21 |
| 245 | 1 | 0 | |a Atlas international Larousse politique et economique |
| 300 | |a 100 p | ||
| 942 | |c BK | ||
| 945 | |d 19930621 00:00:00 | ||
| 260 | |a París |b Larousse |c 1950 | ||
| 650 | 0 | |a Mapas |9 260844 | |
| 583 | |a last modification |c 19930621 00:00:00 |k Rodrigo Vera | ||
| 999 | |c 215140 |d 215138 | ||
| 952 | |0 0 |1 0 |4 0 |6 912_000000000000000_ATL_1950 |7 0 |8 F |9 199136 |a BIBARQ |b BIBARQ |d 2019-11-14 |i 2664550 |o 912 ATL 1950 |p 2664550 |r 2025-01-20 |w 2019-11-14 |y BK_F |k ARQ | ||